Leader xxxxxxxxxx
001 __ PCLIS00044542
005 __ 20211028144040.0
010 0_ |a986-7135-14-8|b平裝|dNT$199
100 __ |a20120411d2006 m y0chiy09 e
101 0_ |achi
102 __ |atw
105 __ |ay z 000ay
200 1_ |a地獄列車|fDiv(另一種聲音)著
205 __ |a初版
210 __ |a臺北市|c春天出版|a臺北縣新店市|c楨德圖書總經銷|d2006[民95]
215 0_ |a319面|d21公分
225 2_ |a奇幻次元|v9
225 2_ |a地獄系列|i第一部|h1
300 __ |a地獄系列第一部
410 _0 |12001 |a奇幻次元|v9
461 _1 |12001 |a地獄系列|v1
681 __ |a857.7|b8726
681 __ |a857.83|b8726
681 __ |a857.83|b8555
700 _0 |a另一種聲音|c(Div)|f1978- |4著
801 _0 |atw|b內湖高中|c20120411|gCCR
801 _2 |atw|b內湖高中|c20211028|gCCR
|